| 000 | 00673nam a2200145 a 4500 | ||
|---|---|---|---|
| 008 | 120416s1958 ||||||||||||||||| || u | ||
| 050 | _aHF 5500 Hum | ||
| 100 | _aHumble, John William | ||
| 245 | 1 | 0 | _aImproving business results |
| 260 |
_aBerkshire _bMcGraw-Hill for Management Centre Europe _c(1958) |
||
| 300 | _a192 pages : illustrations | ||
| 350 | _a0.00 | ||
| 995 |
_aMAIN LIBRARY OPEN ACCESS _D0.00 _e003795 _FCBU-MAIN LIBRARY (Kitwe) _H2 _I0.00 _jHF 5500 Hum _UAVAILABLE _y003795 _ZMain Library Open Access Collection |
||
| 995 |
_aMAIN LIBRARY OPEN ACCESS _D0.00 _e003796 _FCBU-MAIN LIBRARY (Kitwe) _H1 _I0.00 _jHF 5500 Hum _UAVAILABLE _y003796 _ZMain Library Open Access Collection |
||
| 999 |
_c76439 _d76439 |
||